00489nam a22001577a 4500003000400000005001700004008004100021020001800062040000600080082002000086100001800106245004200124260005100166300002200217650009200239OSt20260301122218.0260301b |||||||| |||| 00| 0 eng d a9788417557713 cn a720.4 M654 2024 aMinquet, Anna aGo Green Architecture /cAnna Minguet bSpain. Instituto Monsa de Ediciones, S.A. 2024 a144 pages, 23 cm. aArchitecture – Sustainable design – Environmental integration – Energy efficiency